| 000 | 00000nam 2200000za 4500 |
| 001 | 9.643900 |
| 003 | CaOODSP |
| 005 | 20240624082234 |
| 007 | cr ||||||||||| |
| 008 | 150407|1935||||xxc|||||o f|0| 0 fre d |
| 040 | |aCaOODSP|bfre |
| 043 | |an-cn--- |
| 086 | 1 |aCP32-118/1935F-PDF |
| 086 | 1 |aZ1-1933/3F-PDF |
| 245 | 00|aRapport de la Commission royale sur les ressources naturelles de la Saskatchewan |h[ressource électronique] / |cA.K. Dysart, président ; H.V. Bigelow et George C. McDonald, [commissaires]. |
| 260 | |a[Ottawa : |bBureau du Conseil privé], |c1935. |
| 300 | |a66 p. |
| 500 | |aPublication historique numérisée en 2012 par le Bureau du Conseil privé du Canada. |
| 590 | |a15-04-Supp|b2015-03-19 |
| 691 | 07|aCommission d'enquête|2gcpds |
| 691 | 07|aRessources naturelles|2gcpds |
| 710 | 1 |aCanada. |bBureau du Conseil privé. |
| 775 | 08|tReport of the Royal Commission on the Natural Resources of Saskatchewan |w(CaOODSP)9.699937 |
| 856 | 40|ahttp://publications.gc.ca|qPDF|s3.48 Mo|uhttps://publications.gc.ca/collections/collection_2014/bcp-pco/CP32-118-1935-fra.pdf |